[Event "British Championship"]
[Site "Torquay"]
[Date "2009.07.31"]
[Round "5.28"]
[White "Birtwistle, Nigel"]
[Black "Reynolds, D Ian W"]
[Result "1-0"]
[WhiteElo "2186"]
[BlackElo "2092"]
[PlyCount "71"]
[EventDate "2009.07.27"]
[EventRounds "11"]
[EventCountry "ENG"]
[SourceDate "2009.07.31"]

1. Nf3 Nf6 2. d4 e6 3. g3 c5 4. Bg2 Nc6 5. O-O d5 6. b3 b6 7. c4 Bb7 8. cxd5
exd5 9. Bb2 Be7 10. Nc3 O-O 11. Rc1 Re8 12. a3 Rc8 13. dxc5 Bxc5 14. b4 Bf8 15.
Re1 g6 16. Qb3 Bg7 17. Rcd1 Ne7 18. Bh3 Ra8 19. e4 a6 20. e5 Nh5 21. Ne4 Qc7
22. Nd6 Red8 23. Nxb7 Qxb7 24. e6 f5 25. Bxg7 Nxg7 26. Qe3 Rac8 27. Qh6 Ne8 28.
Ng5 Nf6 29. Nf7 b5 30. Bg2 Qb6 31. Nxd8 Rxd8 32. Qe3 Qd6 33. Qd4 Ne4 34. Bxe4
fxe4 35. Rxe4 Nf5 36. Qe5 1-0

[Event "British Championship"]
[Site "Torquay"]
[Date "2009.07.31"]
[Round "5.29"]
[White "De Coverly, Roger"]
[Black "Gavriel, Tryfon"]
[Result "0-1"]
[WhiteElo "2127"]
[BlackElo "2138"]
[PlyCount "118"]
[EventDate "2009.07.27"]
[EventRounds "11"]
[EventCountry "ENG"]
[SourceDate "2009.07.31"]

1. Nf3 f5 2. g3 Nf6 3. Bg2 d6 4. d4 g6 5. O-O Bg7 6. c4 O-O 7. Nc3 Nc6 8. d5
Ne5 9. Nxe5 dxe5 10. e4 f4 11. gxf4 Nh5 12. fxe5 Bxe5 13. Ne2 Qd6 14. f4 Nxf4
15. Nxf4 Bxf4 16. Bxf4 Rxf4 17. Rxf4 Qxf4 18. Qf3 Qxf3 19. Bxf3 e5 20. c5 Bd7
21. c6 bxc6 22. dxc6 Be6 23. Rd1 Rb8 24. b3 Rb6 25. Rc1 Kf7 26. Rc5 Kf6 27. Kf2
Ra6 28. Rc2 Ke7 29. Be2 Rb6 30. Rc5 Kd6 31. Ra5 Rxc6 32. Rxa7 Rc2 33. Ra6+ c6
34. Ke3 g5 35. Ra7 Bd7 36. a4 Rc3+ 37. Kd2 Rxb3 38. a5 Rb8 39. a6 g4 40. Ke3 h5
41. Bc4 h4 42. Kf2 Rb2+ 43. Kg1 Rb4 44. Bd3 Rb3 45. Bc4 Rc3 46. Bg8 Rc1+ 47.
Kf2 Rc2+ 48. Kg1 Rc1+ 49. Kf2 g3+ 50. hxg3 h3 51. Rxd7+ Kxd7 52. a7 Ra1 53. Bh7
h2 54. Bf5+ Kc7 55. a8=Q Rxa8 56. Kg2 Rh8 57. Kh1 c5 58. Be6 Kd6 59. Bd5 Ke7
0-1

[Event "British Championship"]
[Site "Torquay"]
[Date "2009.07.31"]
[Round "5.30"]
[White "McClement, Andrew"]
[Black "Yeo, Michael J"]
[Result "1-0"]
[WhiteElo "1893"]
[BlackElo "2136"]
[PlyCount "73"]
[EventDate "2009.07.27"]
[EventRounds "11"]
[EventCountry "ENG"]
[SourceDate "2009.07.31"]

1. Nf3 Nc6 2. d4 d5 3. g3 Bg4 4. Bg2 Qd7 5. Nc3 O-O-O 6. O-O f6 7. Re1 e5 8.
dxe5 d4 9. Ne4 fxe5 10. Bg5 Be7 11. c3 Nf6 12. Bxf6 gxf6 13. cxd4 Bxf3 14. Bxf3
Qxd4 15. Qb3 Qb6 16. Qe6+ Kb8 17. Nxf6 Bxf6 18. Qxf6 Rdf8 19. Qh6 e4 20. Bxe4
Rxf2 21. Kh1 Rhf8 22. Bf3 Re8 23. Red1 a6 24. Rac1 Rexe2 25. Bxe2 Rxe2 26. Rd2
Qf2 27. Rxe2 Qxe2 28. Qf8+ Ka7 29. Qc5+ Kb8 30. Qc2 Qf3+ 31. Qg2 Qf7 32. b3 Ne5
33. h3 Nd3 34. Rf1 Qe6 35. Kh2 h5 36. Qf3 Qg6 37. Qf5 1-0

[Event "British Championship"]
[Site "Torquay"]
[Date "2009.07.31"]
[Round "5.31"]
[White "Mueller, Jan"]
[Black "Rudd, Jack"]
[Result "0-1"]
[WhiteElo "2149"]
[BlackElo "2326"]
[PlyCount "48"]
[EventDate "2009.07.27"]
[EventRounds "11"]
[EventCountry "ENG"]
[SourceDate "2009.07.31"]

1. d4 d6 2. Bg5 h6 3. Bh4 g5 4. Bg3 Bg7 5. e3 c5 6. c3 Qb6 7. Nd2 Qxb2 8. Rb1
Qxc3 9. Bb5+ Bd7 10. Qf3 Nc6 11. Ne2 Qa5 12. d5 Nb8 13. Bxd7+ Nxd7 14. Rxb7
Ngf6 15. e4 O-O 16. Qd3 Qxa2 17. Nc3 Qa3 18. O-O Rab8 19. Rxb8 Rxb8 20. f4 Nxd5
21. Ndb1 Rxb1 22. Qxb1 Nxc3 23. Qb7 Ne2+ 24. Kh1 Qd3 0-1

[Event "British Championship"]
[Site "Torquay"]
[Date "2009.07.31"]
[Round "5.32"]
[White "Garnett, John S"]
[Black "Anderson, John"]
[Result "0-1"]
[WhiteElo "2059"]
[BlackElo "2248"]
[PlyCount "48"]
[EventDate "2009.07.27"]
[EventRounds "11"]
[EventCountry "ENG"]
[SourceDate "2009.07.31"]

1. d4 d5 2. Nf3 Nf6 3. e3 g6 4. c4 Bg7 5. cxd5 Nxd5 6. e4 Nb6 7. a4 a5 8. Nc3
O-O 9. Be3 Bg4 10. Be2 Nc6 11. Nb5 Bxf3 12. gxf3 e6 13. Rc1 Rc8 14. Rxc6 bxc6
15. Na7 Ra8 16. Nxc6 Qh4 17. b3 f5 18. d5 Bc3+ 19. Bd2 Bxd2+ 20. Qxd2 fxe4 21.
dxe6 exf3 22. e7 Rae8 23. Qe3 Rf7 24. Qe6 fxe2 0-1

[Event "British Championship"]
[Site "Torquay"]
[Date "2009.07.31"]
[Round "5.33"]
[White "McPhillips, Karl"]
[Black "Raoof, Adam"]
[Result "1/2-1/2"]
[WhiteElo "2231"]
[BlackElo "2144"]
[PlyCount "74"]
[EventDate "2009.07.27"]
[EventRounds "11"]
[EventCountry "ENG"]
[SourceDate "2009.07.31"]

1. d4 e6 2. c4 f5 3. Nc3 Nf6 4. e3 d5 5. Bd3 c6 6. Qc2 Ne4 7. f3 Nxc3 8. bxc3
Bd6 9. cxd5 Qh4+ 10. Qf2 Qxf2+ 11. Kxf2 exd5 12. a4 O-O 13. Ba3 Bxa3 14. Rxa3
Nd7 15. Ne2 Nf6 16. c4 dxc4 17. Bxc4+ Kh8 18. a5 Rb8 19. Rb1 b5 20. axb6 axb6
21. Nf4 g6 22. Nd3 Ne4+ 23. Ke2 Nd6 24. Ba2 Nb5 25. Rxb5 cxb5 26. Ne5 Kg7 27.
Bd5 b4 28. Ra7+ Kf6 29. Rxh7 Be6 30. Bxe6 Kxe6 31. Nxg6 Rfc8 32. Nf4+ Kd6 33.
Rh6+ Kd7 34. Nd5 b3 35. Rh7+ Kd6 36. Rh6+ Kd7 37. Rh7+ Kd6 1/2-1/2

[Event "British Championship"]
[Site "Torquay"]
[Date "2009.07.31"]
[Round "5.34"]
[White "Burrows, Martin"]
[Black "Jones, Victor GL"]
[Result "1/2-1/2"]
[WhiteElo "2209"]
[BlackElo "2076"]
[PlyCount "69"]
[EventDate "2009.07.27"]
[EventRounds "11"]
[EventCountry "ENG"]
[SourceDate "2009.07.31"]

1. e4 c5 2. Nf3 d6 3. d4 cxd4 4. Nxd4 Nf6 5. Nc3 a6 6. Bc4 e6 7. O-O Nbd7 8.
Bxe6 fxe6 9. Nxe6 Qb6 10. Nd5 Nxd5 11. exd5 Kf7 12. Re1 Ne5 13. Be3 Qa5 14. f4
Nc4 15. Bd4 Bd7 16. b3 Nb6 17. c4 Re8 18. f5 h5 19. Qf3 Rh6 20. Bc3 Qa3 21.
Ng5+ Kg8 22. Rxe8 Bxe8 23. Qe3 Qc5 24. Bd4 Nxd5 25. Bxc5 Nxe3 26. Bxe3 Bd7 27.
Ne4 Rh8 28. Rf1 Bc6 29. Nc3 Be7 30. Nd5 Bd8 31. Bd4 Kf7 32. Re1 Bd7 33. Ne3 Re8
34. Kf2 Re4 35. Rd1 1/2-1/2

[Event "British Championship"]
[Site "Torquay"]
[Date "2009.07.31"]
[Round "5.35"]
[White "Green, Andrew"]
[Black "Rocks, Daniel"]
[Result "0-1"]
[WhiteElo "2203"]
[BlackElo "2037"]
[PlyCount "110"]
[EventDate "2009.07.27"]
[EventRounds "11"]
[EventCountry "ENG"]
[SourceDate "2009.07.31"]

1. e4 e5 2. Nf3 Nc6 3. Bb5 a6 4. Ba4 Nf6 5. d3 Bc5 6. O-O b5 7. Bb3 d6 8. a4
Rb8 9. axb5 axb5 10. h3 O-O 11. Be3 Bxe3 12. fxe3 Qe7 13. Nc3 Nd8 14. Qe1 c6
15. Nh4 g6 16. Qf2 Ne8 17. d4 exd4 18. exd4 Ng7 19. Ra2 Bd7 20. Ra7 Rb7 21. Ra8
b4 22. Nb1 Nge6 23. Nd2 Nc7 24. Ra5 Nde6 25. e5 d5 26. g4 Nxd4 27. Nxg6 fxg6
28. Qxd4 Rxf1+ 29. Nxf1 Rb8 30. Ra7 Nb5 31. Bxd5+ cxd5 32. Qxd5+ Be6 33. Rxe7
Bxd5 34. Ne3 Be4 35. g5 Nd4 36. Ng4 Nf3+ 37. Kf2 Nxg5 38. h4 Kf8 39. Rc7 Bf5
40. Nh6 Ne4+ 41. Ke3 Rc8 42. Rxh7 Rxc2 43. h5 Ng3 44. Rf7+ Ke8 45. hxg6 Bxg6
46. Rg7 Nf5+ 47. Nxf5 Bxf5 48. b3 Rc3+ 49. Kd4 Rxb3 50. Kc5 Rb1 51. Rb7 b3 52.
Kc4 b2 53. Kb3 Rc1 54. Rb8+ Kd7 55. e6+ Kc7 0-1

[Event "British Championship"]
[Site "Torquay"]
[Date "2009.07.31"]
[Round "5.36"]
[White "Littlewood, John Eric"]
[Black "Dines, Sheila"]
[Result "0-1"]
[WhiteElo "2188"]
[BlackElo "1936"]
[PlyCount "74"]
[EventDate "2009.07.27"]
[EventRounds "11"]
[EventCountry "ENG"]
[SourceDate "2009.07.31"]

1. e4 e5 2. Nc3 Nc6 3. Nf3 Bc5 4. Bb5 d6 5. d3 h6 6. Ne2 Bd7 7. c3 Nge7 8. O-O
O-O 9. Ng3 Kh8 10. a4 a6 11. Bc4 f5 12. exf5 Nxf5 13. Nxf5 Bxf5 14. d4 exd4 15.
cxd4 Ba7 16. h3 Qf6 17. Bd5 Nb4 18. Qb3 Nxd5 19. Qxd5 c6 20. Qb3 Bxh3 21. Ra3
Bc8 22. Be3 Rb8 23. Qb4 Bg4 24. Nh2 Bf5 25. Re1 Qg6 26. Bf4 c5 27. Qd2 cxd4 28.
Rg3 Qf6 29. Rf3 Rbe8 30. g4 Be4 31. Rxe4 Rxe4 32. Be5 dxe5 33. Rxf6 Rxf6 34.
Qc2 Re1+ 35. Kg2 d3 36. Qc8+ Kh7 37. Qxb7 d2 0-1

[Event "British Championship"]
[Site "Torquay"]
[Date "2009.07.31"]
[Round "5.38"]
[White "McDonnell, James J"]
[Black "Taylor, Geoffrey P"]
[Result "1-0"]
[WhiteElo "2023"]
[BlackElo "2003"]
[PlyCount "35"]
[EventDate "2009.07.27"]
[EventRounds "11"]
[EventCountry "ENG"]
[SourceDate "2009.07.31"]

1. e4 c5 2. Ne2 Nc6 3. d4 cxd4 4. Nxd4 e6 5. Nb5 Nf6 6. Bf4 e5 7. Bg5 d6 8.
N1c3 a6 9. Na3 b5 10. Nd5 Be7 11. Bxf6 gxf6 12. c3 f5 13. Bd3 f4 14. Qh5 Be6
15. Nc2 Na5 16. Ncb4 O-O 17. g3 fxg3 18. hxg3 1-0

[Event "British Championship"]
[Site "Torquay"]
[Date "2009.08.01"]
[Round "6.1"]
[White "Gormally, Daniel"]
[Black "Howell, David"]
[Result "1/2-1/2"]
[WhiteElo "2490"]
[BlackElo "2614"]
[PlyCount "60"]
[EventDate "2009.07.27"]
[EventRounds "11"]
[EventCountry "ENG"]

1. e4 e5 2. Nf3 Nc6 3. Bc4 Nf6 4. d3 h6 5. c3 d6 6. O-O g6 7. d4 Nd7 8. Be3 Bg7
9. Qd2 Qe7 10. Bd3 Nf6 11. h3 Nh5 12. Re1 g5 13. dxe5 dxe5 14. c4 Nd4 15. Bxd4
exd4 16. e5 c5 17. Na3 Nf4 18. Nb5 O-O 19. Nd6 f5 20. b4 b6 21. bxc5 bxc5 22.
Rab1 Qc7 23. Nxc8 Raxc8 24. Qc2 Nxd3 25. Qxd3 Rce8 26. Re2 Re6 27. Reb2 Qc6 28.
Re1 Qc7 29. Reb1 Qc6 30. Re1 Qc7 1/2-1/2

[Event "British Championship"]
[Site "Torquay"]
[Date "2009.08.01"]
[Round "6.2"]
[White "Gordon, Stephen"]
[Black "Jones, Gawain C"]
[Result "1/2-1/2"]
[WhiteElo "2537"]
[BlackElo "2554"]
[PlyCount "84"]
[EventDate "2009.07.27"]
[EventRounds "11"]
[EventCountry "ENG"]

1. d4 Nf6 2. c4 g6 3. Nc3 Bg7 4. e4 d6 5. Nf3 O-O 6. Be2 Nbd7 7. O-O e5 8. Be3
Re8 9. d5 Nh5 10. g3 Bf8 11. Ne1 Ng7 12. Nd3 f5 13. f3 h5 14. b4 h4 15. g4 Be7
16. h3 Bg5 17. Bxg5 Qxg5 18. Qc1 Qe7 19. Qe3 Nf6 20. Kh2 Bd7 21. Rg1 fxg4 22.
fxg4 Rf8 23. Raf1 a5 24. b5 b6 25. Qh6 g5 26. Qxg5 Nxd5 27. Qxe7 Nxe7 28. Nd5
Nxd5 29. exd5 Ne8 30. Rxf8+ Kxf8 31. Ne1 Nf6 32. Nf3 Kg7 33. Rf1 Rh8 34. Nd2
Be8 35. Bd3 Bg6 36. Bxg6 Kxg6 37. Kg2 Re8 38. Kf2 Rh8 39. Ke3 Nh7 40. Ne4 Rf8
41. Rxf8 Nxf8 42. Nc3 Nh7 1/2-1/2

[Event "British Championship"]
[Site "Torquay"]
[Date "2009.08.01"]
[Round "6.3"]
[White "Hebden, Mark"]
[Black "Wells, Peter K"]
[Result "1/2-1/2"]
[WhiteElo "2468"]
[BlackElo "2498"]
[PlyCount "69"]
[EventDate "2009.07.27"]
[EventRounds "11"]
[EventCountry "ENG"]

1. d4 Nf6 2. Nf3 d5 3. c4 e6 4. Bg5 Bb4+ 5. Nbd2 dxc4 6. Qc2 b5 7. a4 c6 8.
Bxf6 gxf6 9. g3 Bb7 10. Bg2 Nd7 11. O-O a6 12. b3 cxb3 13. Nxb3 O-O 14. Ne1 Nb6
15. Nd3 bxa4 16. Nbc5 Bxc5 17. Nxc5 Bc8 18. e3 Nd5 19. Qxa4 Qc7 20. Rfc1 Rd8
21. Qa5 Qxa5 22. Rxa5 e5 23. h3 exd4 24. exd4 Rb8 25. Ne4 f5 26. Ng5 Nb4 27.
Rc4 h6 28. Nf3 Be6 29. Rc3 Kg7 30. Kh2 Kf6 31. Ra1 Rb6 32. Raa3 Kg7 33. Bf1 Bd5
34. Nh4 Be6 35. Nf3 1/2-1/2

[Event "British Championship"]
[Site "Torquay"]
[Date "2009.08.01"]
[Round "6.4"]
[White "Lane, Gary W"]
[Black "Williams, Simon Kim"]
[Result "0-1"]
[WhiteElo "2379"]
[BlackElo "2527"]
[PlyCount "58"]
[EventDate "2009.07.27"]
[EventRounds "11"]
[EventCountry "ENG"]

1. e4 c5 2. Nf3 d6 3. d4 cxd4 4. Nxd4 Nf6 5. Nc3 Nc6 6. Bc4 Bd7 7. Bg5 Qa5 8.
Bxf6 gxf6 9. Nb3 Qg5 10. g3 f5 11. Qe2 fxe4 12. Nxe4 Qg6 13. O-O-O O-O-O 14. f3
Kb8 15. Kb1 Bg7 16. Qd2 Rc8 17. Bd5 f5 18. Nf2 Qf6 19. c3 e6 20. Bc4 d5 21. Bb5
Rhd8 22. f4 d4 23. c4 e5 24. fxe5 Nxe5 25. Rc1 d3 26. Rc3 Bxb5 27. cxb5 Nc4 28.
Qf4+ Ka8 29. Nd1 Nxb2 0-1

[Event "British Championship"]
[Site "Torquay"]
[Date "2009.08.01"]
[Round "6.5"]
[White "Trent, Lawrence"]
[Black "Buckley, Graeme"]
[Result "1-0"]
[WhiteElo "2471"]
[BlackElo "2398"]
[PlyCount "75"]
[EventDate "2009.07.27"]
[EventRounds "11"]
[EventCountry "ENG"]

1. e4 c5 2. Nf3 e6 3. d4 cxd4 4. Nxd4 Nf6 5. Nc3 d6 6. g4 Nc6 7. g5 Nd7 8. Be3
Be7 9. Rg1 O-O 10. Qh5 d5 11. O-O-O Nxd4 12. Rxd4 Bc5 13. Rd1 Bxe3+ 14. fxe3
Qa5 15. exd5 Nc5 16. d6 Bd7 17. Rd4 Kh8 18. Rh4 h6 19. Bb5 Qb6 20. gxh6 g6 21.
Qf3 f5 22. Qf4 Rg8 23. h7 Rg7 24. Qe5 Ne4 25. Rh3 Qc5 26. Qxc5 Nxc5 27. b4 Bxb5
28. Nxb5 Na6 29. a3 Rxh7 30. Rxh7+ Kxh7 31. Rd1 Kg8 32. Nc7 Rd8 33. Nxa6 bxa6
34. c4 Kf7 35. c5 e5 36. c6 Rc8 37. d7 Rxc6+ 38. Kb2 1-0

[Event "British Championship"]
[Site "Torquay"]
[Date "2009.08.01"]
[Round "6.6"]
[White "Houska, Jovanka"]
[Black "Hawkins, Jonathan"]
[Result "1/2-1/2"]
[WhiteElo "2392"]
[BlackElo "2325"]
[PlyCount "63"]
[EventDate "2009.07.27"]
[EventRounds "11"]
[EventCountry "ENG"]

1. d4 Nf6 2. Nf3 g6 3. c4 Bg7 4. g3 O-O 5. Bg2 d6 6. O-O c6 7. b3 Qa5 8. Bb2
Qh5 9. Nbd2 Bh3 10. e4 Nbd7 11. Re1 Ng4 12. Nh4 Bxg2 13. Kxg2 e5 14. h3 Ngf6
15. dxe5 Nxe5 16. Qxh5 Nxh5 17. Red1 Rfe8 18. Rab1 Rad8 19. Nf1 Bf6 20. Nf3
Nxf3 21. Kxf3 Bxb2 22. Rxb2 Nf6 23. Re2 h5 24. g4 Re5 25. gxh5 Rxh5 26. Ng3 Re5
27. Kg2 g5 28. Kf3 Kf8 29. Red2 d5 30. exd5 cxd5 31. Re2 Rde8 32. cxd5 1/2-1/2

[Event "British Championship"]
[Site "Torquay"]
[Date "2009.08.01"]
[Round "6.7"]
[White "Sowray, Peter J"]
[Black "Kolbus, Dietmar"]
[Result "1-0"]
[WhiteElo "2335"]
[BlackElo "2883"]
[PlyCount "73"]
[EventDate "2009.07.27"]
[EventRounds "11"]
[EventCountry "ENG"]

1. e4 c6 2. d4 d5 3. exd5 cxd5 4. c4 Nf6 5. Nc3 e6 6. cxd5 Nxd5 7. Nf3 Be7 8.
Bd3 Nc6 9. O-O O-O 10. Re1 Ncb4 11. Bb1 Nf6 12. Bg5 b6 13. a3 Nbd5 14. Qd3 g6
15. Ba2 Bb7 16. Ne5 Nxc3 17. bxc3 Nd7 18. Bh6 Nxe5 19. Rxe5 Re8 20. a4 Bf6 21.
Re3 Bd5 22. Bxd5 Qxd5 23. Rae1 Red8 24. Re4 Rac8 25. h4 Qc4 26. Qf3 Bg7 27.
Bxg7 Kxg7 28. h5 gxh5 29. Qxh5 Qxc3 30. Qg5+ Kf8 31. Qh6+ Ke8 32. Rxe6+ fxe6
33. Qxe6+ Kf8 34. Qf6+ Kg8 35. Re7 Qa1+ 36. Kh2 Qxd4 37. Qf7+ 1-0

[Event "British Championship"]
[Site "Torquay"]
[Date "2009.08.01"]
[Round "6.8"]
[White "Conquest, Stuart"]
[Black "Storey, Charles"]
[Result "1-0"]
[WhiteElo "2572"]
[BlackElo "2279"]
[PlyCount "141"]
[EventDate "2009.07.27"]
[EventRounds "11"]
[EventCountry "ENG"]

1. c4 g6 2. d4 Bg7 3. e4 d6 4. Nc3 e5 5. Nge2 c5 6. dxc5 dxc5 7. Be3 Qxd1+ 8.
Rxd1 Na6 9. Nb5 Nf6 10. Nec3 O-O 11. f3 b6 12. a3 Nh5 13. Nd5 Nf4 14. Ne7+ Kh8
15. Nxc8 Raxc8 16. Nxa7 Ra8 17. Nb5 f5 18. Rd6 fxe4 19. fxe4 Bh6 20. g3 Ng2+
21. Bxg2 Bxe3 22. Rf1 Rxf1+ 23. Bxf1 Bg1 24. Rxb6 Kg7 25. Be2 h5 26. h3 Be3 27.
Nc3 Bg5 28. Nd5 h4 29. gxh4 Bxh4+ 30. Kd1 Bf2 31. Kc2 Ra7 32. Re6 Bd4 33. Bg4
Kf7 34. Rc6 Kg7 35. Be6 Kh7 36. Nf6+ Kh6 37. Nd5 Kg5 38. Bc8 Nb8 39. Rb6 Nd7
40. Rd6 Nf8 41. Rf6 Nh7 42. Rf1 Kh4 43. Nc3 Ra8 44. Bb7 Rb8 45. Bd5 Rb6 46. a4
Ra6 47. b3 Ng5 48. Nb5 Be3 49. Rf8 Nxh3 50. Bb7 Ra5 51. Rh8+ Kg3 52. Ra8 Rxa8
53. Bxa8 Bg5 54. a5 Bd8 55. a6 Bb6 56. Bb7 g5 57. Nd6 Ba7 58. Bc8 Nf2 59. Bf5
Kf3 60. Nc8 Bb8 61. Ne7 Ba7 62. Nc6 Bb6 63. Nxe5+ Ke3 64. Nd7 g4 65. Bxg4 Ba7
66. e5 Nd3 67. e6 Nb4+ 68. Kc3 Nc6 69. Nf6 Kf4 70. Nd5+ Ke5 71. e7 1-0

[Event "British Championship"]
[Site "Torquay"]
[Date "2009.08.01"]
[Round "6.9"]
[White "Constantinou, Peter"]
[Black "Summerscale, Aaron"]
[Result "1/2-1/2"]
[WhiteElo "2264"]
[BlackElo "2454"]
[PlyCount "48"]
[EventDate "2009.07.27"]
[EventRounds "11"]
[EventCountry "ENG"]

1. d4 Nf6 2. c3 c5 3. dxc5 e6 4. b4 a5 5. Bb2 b6 6. a4 bxc5 7. b5 d5 8. e3 e5
9. Nd2 Nbd7 10. c4 d4 11. e4 g6 12. Bd3 Bg7 13. Ne2 O-O 14. Ng3 Ne8 15. h4 Nc7
16. Nf3 Nb6 17. Qc2 Bg4 18. Nd2 Bf6 19. h5 Bh4 20. Ndf1 Bc8 21. Bc1 Ne6 22. Ne2
Ra7 23. g3 Bf6 24. Bd2 Re8 1/2-1/2

[Event "British Championship"]
[Site "Torquay"]
[Date "2009.08.01"]
[Round "6.10"]
[White "Greet, Andrew"]
[Black "Briscoe, Christopher"]
[Result "0-1"]
[WhiteElo "2443"]
[BlackElo "2268"]
[PlyCount "80"]
[EventDate "2009.07.27"]
[EventRounds "11"]
[EventCountry "ENG"]

1. d4 Nf6 2. c4 e6 3. g3 d5 4. Nf3 Bb4+ 5. Bd2 Be7 6. Bg2 c6 7. Qc2 O-O 8. O-O
Nbd7 9. Bf4 a5 10. Rd1 Nh5 11. Nc3 Nxf4 12. gxf4 f5 13. e3 Nf6 14. Kh1 Bd7 15.
Ne5 Bd6 16. Rg1 Be8 17. Bf3 b5 18. c5 Bb8 19. Rg2 Ra7 20. Rag1 Kh8 21. a3 Rg8
22. b4 axb4 23. axb4 Ne4 24. Nxe4 dxe4 25. Be2 Qd5 26. Qb1 Bxe5 27. fxe5 Bf7
28. Bd1 Ra3 29. h4 Rga8 30. Rxg7 Bg6 31. Rb7 f4 32. h5 Bf5 33. Bg4 Qd8 34. Bxf5
exf5 35. Kg2 fxe3 36. fxe3 Qh4 37. Kf1 Qh3+ 38. Rg2 Qh1+ 39. Rg1 Qf3+ 40. Ke1
Rxe3+ 0-1

[Event "British Championship"]
[Site "Torquay"]
[Date "2009.08.01"]
[Round "6.11"]
[White "Cobb, James"]
[Black "Zhou, Yang-Fan"]
[Result "1/2-1/2"]
[WhiteElo "2432"]
[BlackElo "2265"]
[PlyCount "119"]
[EventDate "2009.07.27"]
[EventRounds "11"]
[EventCountry "ENG"]

1. Nf3 Nf6 2. c4 g6 3. d4 Bg7 4. Nc3 O-O 5. Bg5 d6 6. e3 h6 7. Bh4 g5 8. Bg3
Nh5 9. Be2 e6 10. O-O Nd7 11. Qc2 a6 12. Rad1 Qe7 13. b4 f5 14. c5 Ndf6 15.
cxd6 cxd6 16. Na4 Nxg3 17. hxg3 Nd5 18. Rc1 Bd7 19. Qb3 Rfc8 20. Nc3 Nxc3 21.
Rxc3 Rxc3 22. Qxc3 Rc8 23. Qd2 Qd8 24. Rc1 Rxc1+ 25. Qxc1 Qc8 26. Qd2 Bc6 27.
Ne1 Bd5 28. g4 fxg4 29. Bxg4 Qc4 30. a3 e5 31. Be2 Qa2 32. Qxa2 Bxa2 33. dxe5
Bxe5 34. b5 a5 35. Bf3 b6 36. Bd1 Kf7 37. Kf1 Ke6 38. Ke2 Bc4+ 39. Kd2 Bxb5 40.
Bb3+ d5 41. a4 Bc4 42. Bc2 Kd6 43. g4 b5 44. Nd3 Bf6 45. f3 Kc6 46. e4 d4 47.
Nb2 Kc5 48. Nd3+ Bxd3 49. Kxd3 bxa4 50. Bxa4 Kb4 51. Bd7 a4 52. Kc2 Be5 53. Be8
Bd6 54. Bd7 a3 55. Be6 Be5 56. Bf7 Kc5 57. Ba2 Bf6 58. e5 Bxe5 59. Kd3 Bf6 60.
Ke4 1/2-1/2

[Event "British Championship"]
[Site "Torquay"]
[Date "2009.08.01"]
[Round "6.12"]
[White "Palliser, Richard"]
[Black "Cumbers, Paul"]
[Result "1-0"]
[WhiteElo "2413"]
[BlackElo "2207"]
[PlyCount "85"]
[EventDate "2009.07.27"]
[EventRounds "11"]
[EventCountry "ENG"]

1. d4 e6 2. c4 d5 3. Nf3 c6 4. Qc2 dxc4 5. Qxc4 Nf6 6. Bg5 b5 7. Qc2 Bb7 8. e4
h6 9. Bxf6 Qxf6 10. Nc3 a6 11. a4 b4 12. e5 Qd8 13. Ne4 a5 14. Nc5 Bxc5 15.
dxc5 Ba6 16. Rd1 Qe7 17. Rd6 Bxf1 18. Kxf1 O-O 19. Ke2 Rc8 20. Rc1 Ra7 21. Qe4
Rac7 22. Rc4 Nd7 23. h4 Nf8 24. Qe3 Qe8 25. Rg4 Kh8 26. Nd2 Ng6 27. Nc4 Ra8 28.
Rd3 Ne7 29. Nd6 Qg8 30. Qd2 Nd5 31. Rdg3 f6 32. exf6 Nxf6 33. Rg6 Qf8 34. Rf3
e5 35. g4 e4 36. Rfxf6 gxf6 37. Qf4 Rh7 38. Rxf6 Qe7 39. Nf7+ Kg7 40. g5 h5 41.
Qf5 Kg8 42. g6 Qxf6 43. Qxf6 1-0

[Event "British Championship"]
[Site "Torquay"]
[Date "2009.08.01"]
[Round "6.13"]
[White "Rendle, Thomas"]
[Black "Sugden, John N"]
[Result "1-0"]
[WhiteElo "2377"]
[BlackElo "2217"]
[PlyCount "73"]
[EventDate "2009.07.27"]
[EventRounds "11"]
[EventCountry "ENG"]

1. e4 c5 2. Nc3 Nc6 3. f4 e6 4. Nf3 a6 5. d3 d5 6. g3 Nf6 7. Bg2 Be7 8. O-O b5
9. Qe2 Qc7 10. exd5 exd5 11. Ne5 Nd4 12. Qf2 Bb7 13. g4 b4 14. Nd1 O-O 15. Ne3
Rad8 16. c3 bxc3 17. bxc3 Nb5 18. Bb2 d4 19. cxd4 Nxd4 20. Rac1 Bxg2 21. Qxg2
g6 22. g5 Nh5 23. Bxd4 Rxd4 24. Nd5 Qd6 25. Nc6 Bd8 26. Nxd4 cxd4 27. Qe4 Qe6
28. Rc6 Qg4+ 29. Qg2 Qf5 30. Qf3 Re8 31. Rxa6 Qc8 32. Rd6 Ba5 33. f5 Qxf5 34.
Qxf5 gxf5 35. Rh6 Re5 36. Rxf5 Re1+ 37. Kf2 1-0

[Event "British Championship"]
[Site "Torquay"]
[Date "2009.08.01"]
[Round "6.14"]
[White "Littlewood, Paul E"]
[Black "Ynojosa, Felix Jose"]
[Result "1-0"]
[WhiteElo "2358"]
[BlackElo "2188"]
[PlyCount "89"]
[EventDate "2009.07.27"]
[EventRounds "11"]
[EventCountry "ENG"]

1. d4 Nf6 2. Nf3 g6 3. c4 Bg7 4. Nc3 d6 5. e4 O-O 6. Be2 e5 7. O-O Nc6 8. d5
Ne7 9. Bd2 Nd7 10. Rc1 f5 11. Ng5 Nf6 12. f3 f4 13. Qb3 b6 14. Rfd1 Kh8 15. Be1
h6 16. Ne6 Bxe6 17. dxe6 Ne8 18. Qa4 c6 19. b4 Rf6 20. c5 Rxe6 21. Qb3 Rf6 22.
Bf2 Rb8 23. Qa3 Rb7 24. Qa6 Qb8 25. cxb6 axb6 26. a4 Nc7 27. Qd3 d5 28. exd5
cxd5 29. Qb1 Rf8 30. Bd3 g5 31. Qa2 d4 32. Ne4 Ncd5 33. Qa3 Rc7 34. a5 Rxc1 35.
Rxc1 bxa5 36. bxa5 Qb4 37. Qa2 Ra8 38. a6 Qb6 39. Rb1 Qc6 40. Qa5 Nc7 41. a7
Nc8 42. Rb8 Ne8 43. Rxa8 Qxa8 44. Qd8 Nb6 45. Qxb6 1-0

[Event "British Championship"]
[Site "Torquay"]
[Date "2009.08.01"]
[Round "6.15"]
[White "Eggleston, David"]
[Black "Jones, William EG"]
[Result "1-0"]
[WhiteElo "2341"]
[BlackElo "2052"]
[PlyCount "105"]
[EventDate "2009.07.27"]
[EventRounds "11"]
[EventCountry "ENG"]

1. e4 c5 2. Nc3 Nc6 3. Nge2 d6 4. d4 cxd4 5. Nxd4 Nf6 6. Bg5 g6 7. Bxf6 exf6 8.
Qd2 Bg7 9. Bb5 O-O 10. Bxc6 bxc6 11. Nxc6 Qd7 12. Nd4 Qb7 13. O-O Bd7 14. Nb3
Be6 15. Qxd6 Rfd8 16. Qf4 a5 17. Rab1 Qc6 18. Rfd1 a4 19. Nd4 Qc4 20. Nxe6 fxe6
21. Qe3 f5 22. exf5 gxf5 23. Qg5 Rd4 24. Rxd4 Qxd4 25. Rd1 Qf6 26. Qxf6 Bxf6
27. a3 Bxc3 28. bxc3 Rb8 29. f4 Rb2 30. Rd8+ Kg7 31. Rd7+ Kg6 32. Re7 Rxc2 33.
Rxe6+ Kf7 34. Rh6 Rxc3 35. Rxh7+ Kg6 36. Rh3 Rc2 37. Rd3 Ra2 38. h3 Kh5 39. Kh2
Kh4 40. Re3 Kh5 41. Kg3 Kg6 42. Kf3 Kf6 43. g4 fxg4+ 44. hxg4 Ra1 45. Ke4 Rg1
46. g5+ Kg6 47. Ke5 Ra1 48. Ke6 Rb1 49. Re4 Rb6+ 50. Kd5 Rb5+ 51. Kc6 Ra5 52.
Kb6 Ra8 53. Kb5 1-0

[Event "British Championship"]
[Site "Torquay"]
[Date "2009.08.01"]
[Round "6.16"]
[White "Arkell, Keith C"]
[Black "Surtees, Michael"]
[Result "1-0"]
[WhiteElo "2521"]
[BlackElo "2149"]
[PlyCount "73"]
[EventDate "2009.07.27"]
[EventRounds "11"]
[EventCountry "ENG"]

1. d4 c6 2. c4 f6 3. e4 e5 4. dxe5 Bb4+ 5. Bd2 Qe7 6. Bxb4 Qxb4+ 7. Qd2 Na6 8.
Nf3 fxe5 9. Nc3 Qe7 10. O-O-O Nh6 11. Qg5 d6 12. h4 Bg4 13. Be2 Rf8 14. Rd2 Rf6
15. Qe3 Bxf3 16. Bxf3 Qf8 17. Bh5+ g6 18. Bf3 Nc5 19. h5 g5 20. Qxg5 O-O-O 21.
Qe3 a5 22. Rhd1 b6 23. b3 Kc7 24. Kb2 Qg8 25. a3 Ra8 26. Rc2 Nf7 27. Ne2 Ng5
28. Ng3 Raf8 29. Nf5 Ngxe4 30. g4 Ng5 31. Bh1 Rxf5 32. gxf5 Rxf5 33. Rcd2 Nf7
34. b4 axb4 35. axb4 Ne6 36. Qe4 d5 37. Qxf5 1-0